| 000 | 01496nam a2200361Ia 4500 | ||
|---|---|---|---|
| 001 | ebr10726574 | ||
| 003 | CaPaEBR | ||
| 006 | m o u | ||
| 007 | cr cn||||||||| | ||
| 008 | 110304s2012 nyua sb 001 0 eng d | ||
| 010 | _z 2011009086 | ||
| 020 | _z1613241801 (hardcover) | ||
| 020 | _z9781613241806 (hardcover) | ||
| 020 | _z9781628086430 (ebook) | ||
| 040 |
_aCaPaEBR _cCaPaEBR |
||
| 035 | _a(OCoLC)849928803 | ||
| 050 | 1 | 4 |
_aHB615 _b.K73 2012eb |
| 082 | 0 | 4 |
_a338.6/42094971 _222 |
| 100 | 1 | _aKrasniqi, Besnik A. | |
| 245 | 1 | 0 |
_aEntrepreneurship and small business development in Kosova _h[electronic resource] / _cBesnik A. Krasniqi. |
| 260 |
_aNew York : _bNova Science Publishers, _cc2012. |
||
| 300 |
_axviii, 239 p. : _bill. |
||
| 490 | 1 | _aBusiness issues, competition and entrepreneurship | |
| 504 | _aIncludes bibliographical references and index. | ||
| 533 |
_aElectronic reproduction. _bPalo Alto, Calif. : _cebrary, _d2013. _nAvailable via World Wide Web. _nAccess may be limited to ebrary affiliated libraries. |
||
| 650 | 0 |
_aEntrepreneurship _zKosovo (Republic) |
|
| 650 | 0 |
_aSmall business _zKosovo (Republic) |
|
| 651 | 0 |
_aKosovo (Republic) _xEconomic conditions _y21st century. |
|
| 655 | 7 |
_aElectronic books. _2local |
|
| 710 | 2 | _aebrary, Inc. | |
| 830 | 0 | _aBusiness issues, competition and entrepreneurship series. | |
| 856 | 4 | 0 |
_uhttp://site.ebrary.com/lib/rucke/Doc?id=10726574 _zAn electronic book accessible through the World Wide Web; click to view |
| 999 |
_c38915 _d38915 |
||